1136 1624 1023 1123 1419 1750 1234 1755 1034 1963 1948 1470 1316 1403 1950 1801 1376 1373 1191 1870 1374 1242 1810 1206 1174 1924 1581 1148 1710 1443 1025 1747 1670 1802 1616 1470 1290 1598 1709 1945 1972 1005 1262 1449 1707 1632 1137 1133 1498 1667 1607 1103 1850 1998 1505 1442 1812 1030 1602 1046 1372 1040 1057 1315 1109 1669 1119 1614 1474 1528 1555 1457 1417 1440 1966 1328 1164 1847 1543 1777 1143 1368 1218 1232 1594 1672 1730 1514 1615 1167 1440 1919 1864 1826 1927 1058 1047 1334 1409 BCNSPRNW ULIB Ver.6.0+V

เปลี่ยนเป็นภาษาไทย

Change to English
 แสดงรายละเอียดบรรณานุกรม
  กลับหน้าหลัก

Brief Record : Get Marc (ISO 2709) : E-mail record : QR code < ปิดหน้าต่าง
LEADER : 00000nas 2200000uu 4500
001    13399122286
003     ULIB
008    020711s|||| th a 000 0 tha d
022    08586632
110    โรงพยาบาลอุดรธาณี
245    วารสารการแพทย์โรงพยาบาลอุดรธาณี (วิทยาเขตนครสวรรค์) /^cโรงพยาบาลอุดรธาณี
260    อุดรธาณี :^bโรงพยาบาลอุดรธาณี,^cม.ป.ป.
310    ^aรายสี่เดือน
850 ^a ULIB:campus^bปีที่ 20 ฉบับที่ 2 ;ปีที่ 20 ฉบับที่ 3 ;ปีที่ 21 ฉบับที่ 1 ;ปีที่ 21 ฉบับที่ 2 ;ปีที่ 21 ฉบับที่ 3 ;ปีที่ 23 ฉบับที่ 3 ฉ.1 ;ปีที่ 24 ฉบับที่ 1 ฉ.1 ;ปีที่ 24 ฉบับที่ 2 ฉ.1 ;ปีที่ 24 ฉบับที่ 3 ฉ.1
945    ^p0^l0^i800378
945    ^p0^l0^i800420
945    ^p0^l0^i800569
945    ^p0^l0^i800770
945    ^p0^l0^i800904
945    ^p0^l0^i801638
945    ^p0^l0^i801827
945    ^p0^l0^i801948
945    ^p0^l0^i801949
999    ^aทศพร เกษรทอง
รายการนี้ยังไม่มีแท็ก
คุณยังไม่ได้ล็อกอิน คุณสามารถมีกิจกรรมร่วมกับเว็บไซต์ได้ แต่ต้องล็อกอินก่อน ::
  ล็อกอิน

รายการสื่อสารสนเทศ (วารสาร)

ดูแบบ: กล่อง รายการ
ARRIVED
ปีที่ 20 ฉบับที่ 2
สถานที่: ห้องสมุดวิทยาเขตสวรรค์ประชารักษ์ >วารสาร
ARRIVED
ปีที่ 20 ฉบับที่ 3
สถานที่: ห้องสมุดวิทยาเขตสวรรค์ประชารักษ์ >วารสาร
ARRIVED
ปีที่ 21 ฉบับที่ 1
สถานที่: ห้องสมุดวิทยาเขตสวรรค์ประชารักษ์ >วารสาร
ARRIVED
ปีที่ 21 ฉบับที่ 2
สถานที่: ห้องสมุดวิทยาเขตนครสวรรค์ >วารสาร
ARRIVED
ปีที่ 21 ฉบับที่ 3
สถานที่: ห้องสมุดวิทยาเขตนครสวรรค์ >วารสาร
ARRIVED
ปีที่ 23 ฉบับที่ 3 ฉ.1
สถานที่: ห้องสมุดวิทยาเขตนครสวรรค์ >วารสาร
ARRIVED
ปีที่ 24 ฉบับที่ 1 ฉ.1
สถานที่: ห้องสมุดวิทยาเขตนครสวรรค์ >วารสาร
ARRIVED
ปีที่ 24 ฉบับที่ 2 ฉ.1
สถานที่: ห้องสมุดวิทยาเขตนครสวรรค์ >วารสาร
ARRIVED
ปีที่ 24 ฉบับที่ 3 ฉ.1
สถานที่: ห้องสมุดวิทยาเขตนครสวรรค์ >วารสาร

BibComment


ยังไม่เคยถูกคอมเมนท์

คอมเมนท์ทรัพยากรรายการนี้
  คอมเมนท์: วารสารการแพทย์โรง..


 Copyright 2026. Bcnsprnw @Library